000 00335nam a22001457a 4500
008 210309b ||||| |||| 00| 0 eng d
020 _a9781455733255
041 _aeng
080 _a61
082 _261
100 _a3
101 _aSHM
245 _aInsurance Handbook for the Medical Office
_cMarilyn T.Fordney
942 _2udc
_cBK
999 _c56081
_d56081